000 00420nam a2200157Ia 4500
003 GCL
008 140319s9999 xx 000 0 eng d
040 _aGCL /
_cGCL
082 0 4 _a708.47
_bV A
100 1 _aVOROMIKHIVA, L.
245 1 0 _aART TREASURES OF THE HERITAGE /
_cVOROMIKHIVA, L.
260 _a[S.N] :
_bTHE DTATE HERMITAGE PUBLISHING HOUSE ،
_c1961
300 _a174 P
650 0 4 _aRUSSIA
942 _2ddc
_cBK
999 _c22381
_d22381